国会に議席を有する政党 - Statistics

General Stats
  • This quiz has been taken 896 times
  • The average score is 8 of 11
Answer Stats
議席数 Answer % Correct
378 自由民主党
99%
133 立憲民主党
97%
17 国民民主党
93%
59 公明党
92%
60 日本維新の会
90%
21 日本共産党
86%
8 れいわ新選組
83%
3 社会民主党
75%
1 参政党
71%
2 みんなでつくる党
17%
5 教育無償化を実現する会
15%
No matching quizzes found
Score Distribution
Percent of People with Each Score
Percentile by Number Answered
Your Score History
You have not taken this quiz